Comunicación de la Comisión: acerca de la estrategia informativa sobre el Euro

Shranjeno v:
Bibliografske podrobnosti
Korporativna značnica: Comisión Europea (Author)
Format: Knjiga
Jezik:španščina
Izdano: Luxemburgo Oficina de Publicaciones Oficiales de las Comunidades Europeas 1998
Teme:
Oznake: Označite
Brez oznak, prvi označite!

MARC

LEADER 00000nam a2200000 a 4500
001 UCP2888
003 CL-VaPUC
008 990604e19980000LU |||||||||||||||||spa|d
082 0 4 |a 337  |b COM  |2 21 
110 2 |a Comisión Europea  |e author  |9 429867 
245 1 0 |a Comunicación de la Comisión: acerca de la estrategia informativa sobre el Euro 
300 |a 35 p 
942 |c BK 
945 |d 19990604 00:00:00  |a rbrito 
260 |a Luxemburgo  |b Oficina de Publicaciones Oficiales de las Comunidades Europeas  |c 1998 
600 0 7 |a COMUNIDAD EUROPEA  |2 CL-VaPUC  |9 429868 
650 0 |a Comunicación   |9 257251 
650 7 |a ESTRATEGIA DE INFORMACION  |2 CL-VaPUC  |9 429869 
650 7 |a CANALES DE DIFUSION  |2 CL-VaPUC  |9 429870 
650 0 |a Sociedad  |9 307903 
650 7 |a CIUDADANOS  |2 CL-VaPUC  |9 429871 
583 |a last modification  |c 19990604 00:00:00  |k Rodrigo Vera 
999 |c 281354  |d 281352 
952 |0 0  |1 0  |2 ddc  |4 0  |6 337_000000000000000_COM_1998  |7 0  |8 A  |9 322066  |a BIBDER  |b BIBDER  |d 2019-11-20  |i 3522695  |o 337 COM 1998  |p 3522695  |r 2023-01-25  |w 2019-11-20  |y MX  |k DER